Scarlet Witch - Portrayals by Picture - Statistics

General Stats
  • This quiz has been taken 12 times
  • The average score is 2 of 11
Answer Stats
Picture Answer % Correct
Elizabeth Olsen
100%
Elizabeth Olsen
50%
Kelly Sheridan
10%
Emily O'Brien
0%
Kate Higgins
0%
Kate Higgins
0%
Katherine Moffat / Jennifer Darling
0%
Peg Dixon
0%
Stavroula Logothettis
0%
Susan Roman
0%
Tara Strong
0%
No matching quizzes found
Score Distribution
Percent of People with Each Score
Percentile by Number Answered
Your Score History
You have not taken this quiz